ACE Agreement B(1) 2002 Civil/Structural Engineering; non lead consultant (Record no. 102725)
[ view plain ]
| 000 -LEADER | |
|---|---|
| fixed length control field | 00999cam a2200229 4500 |
| 001 - CONTROL NUMBER | |
| control field | J121755 |
| 008 - FIXED-LENGTH DATA ELEMENTS--GENERAL INFORMATION | |
| fixed length control field | 030326n2002 000 0 eng u |
| 035 ## - SYSTEM CONTROL NUMBER | |
| System control number | (Sirsi) u121755 |
| 041 ## - LANGUAGE CODE | |
| Language code of text/sound track or separate title | eng. |
| 050 ## - LIBRARY OF CONGRESS CALL NUMBER | |
| Classification number | 624.08 |
| -- | 18 |
| 110 ## - MAIN ENTRY--CORPORATE NAME | |
| Corporate name or jurisdiction name as entry element | Association of Consulting Engineers |
| 9 (RLIN) | 1225 |
| 245 ## - TITLE STATEMENT | |
| Title | ACE Agreement B(1) 2002 Civil/Structural Engineering; non lead consultant |
| 260 ## - PUBLICATION, DISTRIBUTION, ETC. | |
| Place of publication, distribution, etc. | London |
| Name of publisher, distributor, etc. | ACE |
| Date of publication, distribution, etc. | 2002 |
| 300 ## - PHYSICAL DESCRIPTION | |
| Extent | 34p. |
| Dimensions | 31cm. |
| 350 ## - PRICE (NR) (BK AM CF MU VM SE) [OBSOLETE] | |
| Price | 24 |
| 520 ## - SUMMARY, ETC. | |
| Summary, etc. | This agreement is intended for use when the consulting engineer is appointed directly by the client, but not as lead consultant for the provision of civil/structural engineering services. It should be used in conjunction with the guidance document B - 'ACE Agreements 2002 guidance', a copy of which is included in the folder containing the agreement. |
| 650 ## - SUBJECT ADDED ENTRY--TOPICAL TERM | |
| Topical term or geographic name entry element | CIVIL ENGINEERING CONTRACTS |
| 650 ## - SUBJECT ADDED ENTRY--TOPICAL TERM | |
| Topical term or geographic name entry element | STRUCTURAL ENGINEERING |
| 650 ## - SUBJECT ADDED ENTRY--TOPICAL TERM | |
| Topical term or geographic name entry element | CONSULTING ENGINEERS |
| 690 ## - LOCAL SUBJECT ADDED ENTRY--TOPICAL TERM (OCLC, RLIN) | |
| Topical term or geographic name as entry element | BUILDING AND CONSTRUCTION-ENGINEERING |
| 942 ## - ADDED ENTRY ELEMENTS (KOHA) | |
| Suppress in OPAC | 0 |
| Withdrawn status | Lost status | Source of classification or shelving scheme | Damaged status | Not for loan | Home library | Current library | Shelving location | Date acquired | Total Checkouts | Full call number | Barcode | Date last seen | Date last checked out | Copy number | Price effective from | Koha item type |
|---|---|---|---|---|---|---|---|---|---|---|---|---|---|---|---|---|
| Dewey Decimal Classification | London | London | Boxed set | 26/03/2003 | 4 | ACE 2002/3 | 30068422 | 06/08/2019 | 17/03/2005 | 1 | 06/08/2019 | Book |